00507nam a2200157Ia 4500008004100000020001400041082001700055100002600072245007900098250000800177260004500185300002900230500001900259600002100278650005000299240925s9999 xx 000 0 und d a130122564 a005.7585 SCH aSchneider ,Robert D. 0aOptimizing SQL Server 7: planning and building a high-performance database a2nd aNew Jersey:bPrintice- Hall Int.c,1999. axiii,566p.bNAfOriginal aIncludes Index aComputer Science aComputer science, information & general works